| 000 | 00560nam a2200193Ia 4500 | ||
|---|---|---|---|
| 003 | LDD | ||
| 008 | 181029s9999 xx 000 0 und d | ||
| 020 |
_a415391954 _cP 80.00 |
||
| 040 | _cLDD | ||
| 100 | _aNardi, Isabella | ||
| 245 | 4 |
_aThe Theory Of Citrasutras In Indian Painting _cIsabella Nardi |
|
| 260 |
_aNew York _bRoutledge _c2006 |
||
| 300 | _axviii, 190 | ||
| 365 | _bP 80.00 | ||
| 901 |
_a3467 _b08-11-2006 |
||
| 902 |
_aG-418/06-07 _b17-11-2006 _cF _dMPD _e95 |
||
| 903 |
_aDiscount-10 _bReqst by : Kumar, Kapil (Dr.) |
||
| 942 |
_2ddc _cBK |
||
| 999 |
_c76547 _d76547 |
||